World's most livable cities Quiz Stats

 Plays Quiz not verified by Sporcle

Support Sporcle.
Go Orange.
Score 0/10 Timer 03:00
0 Plays Today
Rank City % Correct
1.Vancouver
98.7%
4Toronto
93.3%
3Vienna
82.7%
2Melbourne
78.7%
6Helsinki
77.3%
10Auckland
77.3%
5Calgary
68%
8Perth
66.7%
9Adelaide
36%
7Sydney
29.3%

You're not logged in!

Compare scores with friends on all Sporcle quizzes.
OR
Log In

From the Vault

Hey! You Stole Our Nickname

by 1906cubs

We here at Sporcle really love it when teams change nicknames.
Remove Ads.
Support Sporcle.
Get the best of Sporcle when you Go Orange. This ad-free experience offers more features, more stats, and more fun while also helping to support Sporcle. Thank you for becoming a member.

Show Comments

Extras

Created Feb 21, 2011SourceReportNominate
Tags:City Quiz

Top Quizzes Today


Score Distribution

Your Account Isn't Verified!

In order to create a playlist on Sporcle, you need to verify the email address you used during registration. Go to your Sporcle Settings to finish the process.

Report this User

Report this user for behavior that violates our Community Guidelines.

Details: